Statystyki dla Języki germańskie

Kliknij tutaj aby rozwiązać quiz!

Ogólne statystyki

  • Ten quiz został rozwiązany 28 razy
    (13 od ostatniego zresetowania)
  • Średni wynik to 6 z 7

Statystyki odpowiedzi

Jezyk% Poprawnych
Duński
100%
Niemiecki
100%
Angielski
92%
Norweski
92%
Szwedzki
83%
Islandzki
67%
Niderlandzki
58%

Rozkład punktacji

Percentyl według liczby udzielonych odpowiedzi

Procent ludzi z każdym wynikiem

Twoja historia wyników

Nie rozwiązałeś tego quizu od ostatniego zresetowania